000 00676pam a2200205 i 4500
020 _a0070379653
082 0 0 _a627
_bLIN
_cL-23, P-12
100 1 _aLinsley, Ray K.
_92147
245 1 0 _aWater-resources engineering /
_cRay K. Linsley, Joseph B. Franzini.
250 _a3d ed.
260 _aNew York :
_bMcGraw-Hill,
_cc1979.
300 _axii, 716 p. :
_bill. ;
_c24 cm.
490 0 _aMcGraw-Hill series in water resources and environmental engineering
526 _a0
_b0
_c0
_d627_000000000000000_LIN
650 0 _aHydraulic engineering.
_93526
650 0 _aMCE
_9379
650 0 _aWater resources development.
700 1 _aFranzini, Joseph B.,
_920965
942 _2ddc
_cBK
999 _c547812
_d547812